Interest Rate Reform and Private Investment Behaviour in Developing Countries Evidence from Peru

Saved in:
Bibliographic Details
Main Author: Corsepius, Uwe
Format: Book
Language:English
Published: Kiel Institut für Weltwirtschaft 1988
Series:Kiel Working Paper No.317
Tags: Add Tag
No Tags, Be the first to tag this record!

MARC

LEADER 00000nam a2200000 4500
001 c029674
005 20250521092955.6
041 0 |a eng 
044 |a DE 
245 1 0 |a Interest Rate Reform and Private Investment Behaviour in Developing Countries  |b Evidence from Peru  |c Uwe Corsepius 
264 1 |a Kiel  |b Institut für Weltwirtschaft  |c 1988 
300 |a 20 s. 
490 1 |a Kiel Working Paper  |v No.317 
830 0 |a Kiel Working Paper  |v No.317 
100 1 |a Corsepius, Uwe